| 000 | 00967nam a22002777a 4500 | ||
|---|---|---|---|
| 003 | CHAP | ||
| 005 | 20220329133843.0 | ||
| 008 | 971013s1983 r 00010 d | ||
| 010 | _a11819 | ||
| 011 | _a12791 | ||
| 035 | _a16460 | ||
| 040 | _cCHAP | ||
| 082 | 0 | 4 |
_a630.715097232 _bI56 1983 |
| 110 | 2 |
_aINIA. México. Centro de Investigaciones Agrícolas del Pacífico Centro _958558 |
|
| 245 | 1 | 0 |
_aGuía para la asistencia técnica agrícola área de influencia del campo agrícola experimental Valle del Fuerte _c/por INIA, SARH |
| 250 | _a2 ed. | ||
| 260 |
_aSinaloa, Méx. : _bSARH : _bINIA : _c1983 |
||
| 300 | _a234 p. | ||
| 590 |
_aBATCH-UPD _b10 _c20130110 _lUCH01 _h2115 |
||
| 590 |
_aBATCH-UPD _b10 _c20130410 _lUCH01 _h1425 |
||
| 590 |
_aCONVERSION _b10 _c20130109 _lUCH01 _h1308 |
||
| 650 | 4 |
_aAgricultura _xInvestigacion _xSinaloa. _91674 |
|
| 901 | _aBK | ||
| 942 | _cLIBRO | ||
| 949 |
_a630.715097232 I56 1983 _bBC _cC _d33724002325967 _eC _h116614 _i16460 _sb |
||
| 999 |
_c11819 _d11819 |
||